| 000 | 00904nam a2200277 a 4500 | ||
|---|---|---|---|
| 001 | 000009736 | ||
| 003 | DO-SdBNP | ||
| 005 | 20170925133959.0 | ||
| 007 | 000009736 | ||
| 008 | 091001s2001 dr ac 000 0 spa d | ||
| 020 | _a9993483931 | ||
| 040 |
_aBPMSU _bspa _cBPMSU |
||
| 082 | 4 |
_aRD861.44 _bC117m |
|
| 100 | 1 |
_aCabral, Manuel del, _d1907- |
|
| 245 | 1 | 3 |
_aLa magia de lo permanente : _bantología poética de Manuel del Cabral / _cTomás Castro Burdiez, compilador. |
| 260 |
_aSanto Domingo : _bCiguapa, _c2001. |
||
| 300 |
_a244 p. : _bil., retr. ; _c22 cm. |
||
| 600 | 1 | 4 |
_aCABRAL, MANUEL DEL, _d1907- _xCRÍTICA E INTERPRETACIÓN |
| 650 | 4 | _aPOESÍA DOMINICANA | |
| 650 | 4 | _aLITERATURA DOMINICANA | |
| 700 | 1 | 2 |
_aCastro, Tomás, _d1959- |
| 910 | _aValidado. Control de calidad MFF | ||
| 942 |
_2ddc _cBK |
||
| 945 | _aInventatariado / 2017 VM | ||
| 956 |
_aVMATEO _b10 _c20150806 _lBPMSU _h00151 |
||
| 999 |
_c8107 _d8107 |
||